[Event "Riga Tech Open A 2014"]
[Site "Riga LAT"]
[Date "2014.08.23"]
[Round "8.4"]
[White "Banusz, Tamas"]
[Black "Goganov, Aleksey"]
[Result "1-0"]
[WhiteTitle "GM"]
[BlackTitle "GM"]
[WhiteElo "2585"]
[BlackElo "2604"]
[WhiteFideId "722413"]
[BlackFideId "24109959"]
[EventDate "2014.08.16"]

1. Nf3 Nf6 2. c4 e6 3. g3 a6 4. Bg2 b5 5. b3 c5 6. Nc3 Qb6 7. O-O Bb7 8. e3 Be7
9. d4 O-O 10. d5 exd5 11. cxd5 d6 12. e4 Nbd7 13. h3 Rfe8 14. Be3 Bf8 15. Nd2 g6
16. a4 Bg7 17. Qc2 Rab8 18. Rfc1 Nh5 19. axb5 axb5 20. g4 Nhf6 21. b4 Ba6 22.
Nb3 h5 23. g5 Nh7 24. Qd2 Rec8 25. f4 cxb4 26. Bxb6 bxc3 27. Qe3 Rxb6 28. e5
dxe5 29. Rxc3 Rxc3 30. Qxc3 exf4 31. Qc7 Nhf8 32. Re1 b4 33. Re7 Be5 34. Rxe5
Rb7 35. Qd6 Rb6 36. Qe7 1-0

[Event "Riga Tech Open A 2014"]
[Site "Riga LAT"]
[Date "2014.08.23"]
[Round "8.6"]
[White "Shirov, Alexei"]
[Black "Boruchovsky, Avital"]
[Result "1/2-1/2"]
[WhiteTitle "GM"]
[BlackTitle "GM"]
[WhiteElo "2709"]
[BlackElo "2483"]
[WhiteFideId "2209390"]
[BlackFideId "2800055"]
[EventDate "2014.08.16"]

1. d4 Nf6 2. c4 e6 3. Nc3 Bb4 4. Qc2 O-O 5. a3 Bxc3+ 6. Qxc3 d5 7. Nf3 dxc4 8.
Qxc4 b6 9. Bg5 Ba6 10. Qa4 Qd7 11. Qc2 c5 12. Rd1 cxd4 13. Bxf6 gxf6 14. Nxd4
Rc8 15. Qb3 Qb7 16. h4 Nc6 17. Nxc6 Qxc6 18. Rh3 Qe4 19. h5 Rd8 20. h6 Kh8 21.
Re3 Qf5 22. Rf3 Qg5 23. Rxd8+ Rxd8 24. Qc3 e5 25. e3 Bxf1 26. Qc7 Rg8 27. Kxf1
Qxg2+ 28. Ke2 Qg6 29. Qc6 Qxh6 30. Rxf6 Qh5+ 31. Rf3 Qg6 32. Qxg6 fxg6 33. Rf7
Rg7 34. Rf8+ Rg8 35. Rf7 Rg7 1/2-1/2

[Event "Riga Tech Open A 2014"]
[Site "Riga LAT"]
[Date "2014.08.23"]
[Round "8.7"]
[White "Iturrizaga Bonelli, Eduardo"]
[Black "Popilski, Gil"]
[Result "1-0"]
[WhiteTitle "GM"]
[BlackTitle "GM"]
[WhiteElo "2653"]
[BlackElo "2494"]
[WhiteFideId "3901211"]
[BlackFideId "2809060"]
[EventDate "2014.08.16"]

1. c4 c5 2. Nc3 Nf6 3. g3 d5 4. cxd5 Nxd5 5. Bg2 Nc7 6. e3 g6 7. Nge2 Bg7 8. O-O
O-O 9. d4 cxd4 10. exd4 Nc6 11. d5 Ne5 12. Bf4 Na6 13. Re1 Bd7 14. Nd4 Nc4 15.
b3 Nd6 16. Qd2 Rc8 17. Be5 Bf6 18. Bxf6 exf6 19. Ne6 Nc4 20. bxc4 Bxe6 21. Qf4
Bf5 22. d6 Nb4 23. Re7 Nd3 24. Qd4 Ne5 25. c5 Qa5 26. Nd5 Qxc5 27. Nxf6+ Kg7 28.
Ne8+ Kh8 29. Qxc5 Rxc5 30. Bxb7 Bd7 31. Nf6 Bf5 32. Re1 Nd3 33. Rd1 Nb2 34. Rd5
Rc1+ 35. Kg2 Be6 36. Re5 Bc4 37. d7 Bf1+ 38. Kf3 Nc4 39. Ne8 Rd1 40. Rd5 1-0

[Event "Riga Tech Open A 2014"]
[Site "Riga LAT"]
[Date "2014.08.23"]
[Round "8.8"]
[White "Bailet, Pierre"]
[Black "Naroditsky, Daniel"]
[Result "0-1"]
[WhiteTitle "IM"]
[BlackTitle "GM"]
[WhiteElo "2476"]
[BlackElo "2587"]
[WhiteFideId "655830"]
[BlackFideId "2026961"]
[EventDate "2014.08.16"]

1. d4 d6 2. Nf3 Bg4 3. g3 Bxf3 4. exf3 e6 5. Bg2 c6 6. O-O g6 7. f4 Bg7 8. c3
Ne7 9. Nd2 Nd7 10. Qb3 Qc7 11. Ne4 O-O 12. Ng5 d5 13. Be3 Nf5 14. Bh3 Rfe8 15.
Rae1 c5 16. Bxf5 c4 17. Qd1 exf5 18. Bc1 Nf6 19. Rxe8+ Rxe8 20. Re1 Qd7 21. Nf3
Ne4 22. Nd2 b5 23. f3 Nd6 24. Rxe8+ Qxe8 25. Nf1 Nc8 26. Kf2 a5 27. Ne3 Nb6 28.
Nc2 Bf8 29. Qe2 Qe6 30. Ke1 Na4 31. Kd2 Qc6 32. Kd1 b4 33. Qd2 b3 34. axb3 cxb3
35. Ne3 Nb6 36. Qe2 Nc4 37. Nxc4 dxc4 38. Ke1 Bd6 39. Kf2 Kf8 40. Qd1 Qd5 41.
Qe2 a4 42. Ke1 Qe6 43. Kd1 Ke7 44. Ke1 Bc7 45. Kd1 Qxe2+ 46. Kxe2 Ba5 47. Kd1 a3
48. bxa3 Bxc3 49. Be3 Bb2 50. a4 c3 51. Bc1 Bxc1 52. Kxc1 Kd6 0-1

[Event "Riga Tech Open A 2014"]
[Site "Riga LAT"]
[Date "2014.08.23"]
[Round "8.9"]
[White "Danin, Alexandre"]
[Black "Franco Alonso, Alejandro"]
[Result "1-0"]
[WhiteTitle "GM"]
[BlackTitle "IM"]
[WhiteElo "2572"]
[BlackElo "2471"]
[WhiteFideId "4144031"]
[BlackFideId "2214067"]
[EventDate "2014.08.16"]

1. e4 c5 2. Nc3 Nc6 3. Nge2 d6 4. d4 cxd4 5. Nxd4 e6 6. Be3 Nf6 7. Bc4 Be7 8.
Bb3 O-O 9. O-O Bd7 10. f4 Nxd4 11. Bxd4 b5 12. e5 Ne8 13. Qd3 b4 14. Ne4 d5 15.
Nf2 Nc7 16. Rfd1 Qc8 17. Rac1 Qb7 18. c4 dxc4 19. Bxc4 Bc6 20. Qg3 Rad8 21. Bb3
Kh8 22. Bc2 g6 23. Bb3 Rd7 24. Be3 Rxd1+ 25. Rxd1 Nd5 26. Bd4 a5 27. Ng4 a4 28.
Bxd5 Bxd5 29. Nf6 Bxa2 30. Qg5 Bxf6 31. Qxf6+ Kg8 32. Bc5 Bd5 33. Bxf8 Kxf8 34.
Rc1 Qb6+ 35. Kh1 Bc6 36. Rd1 Be8 37. f5 gxf5 38. Qh6+ Ke7 39. Qh4+ Kf8 40. Qxh7
a3 41. Qh6+ Ke7 42. bxa3 bxa3 43. Qd2 Ba4 44. Ra1 Qc5 45. Qa2 Bd7 46. Qxa3 Qxa3
47. Rxa3 f6 48. Ra7 fxe5 49. h4 1-0

[Event "Riga Tech Open A 2014"]
[Site "Riga LAT"]
[Date "2014.08.23"]
[Round "8.10"]
[White "Aravindh, Chithambaram VR."]
[Black "Neiksans, Arturs"]
[Result "1-0"]
[WhiteTitle "IM"]
[BlackTitle "GM"]
[WhiteElo "2467"]
[BlackElo "2572"]
[WhiteFideId "5072786"]
[BlackFideId "11601388"]
[EventDate "2014.08.16"]

1. e4 c5 2. b3 d6 3. Bb2 Nf6 4. Bb5+ Nbd7 5. Bxf6 gxf6 6. f4 a6 7. Bc4 Nb6 8.
Nc3 f5 9. Qh5 Nxc4 10. bxc4 Bg7 11. exf5 Qd7 12. Nge2 Qxf5 13. Qf3 O-O 14. O-O
Be6 15. Ng3 Qxc2 16. f5 Bd4+ 17. Kh1 Bxc4 18. Rac1 Qd3 19. Qg4+ Kh8 20. Nce4 Rg8
21. Qh4 Bd5 22. Rf3 Qb5 23. f6 Bxe4 24. Nxe4 Qe2 25. Rg3 Rxg3 26. Qxg3 Rg8 27.
Re1 Rxg3 28. Rxe2 Rg6 29. fxe7 Re6 30. Ng3 Be5 31. Nf5 f6 32. d4 cxd4 33. Rc2
Kg8 34. Rc8+ Kf7 35. Rf8+ Kg6 36. g4 h5 37. Rg8+ Kh7 38. e8=Q Rxe8 39. Rxe8 hxg4
40. Rd8 Kg6 41. Nxd6 Kg5 42. Nxb7 Kf4 43. Nc5 Ke3 44. Nxa6 d3 45. Nc5 d2 46. Nb3
Bc3 47. a4 f5 48. Kg2 f4 49. Kf1 g3 50. hxg3 fxg3 51. Kg2 Ke2 52. Nxd2 Bxd2 53.
Rxd2+ Kxd2 54. a5 1-0

[Event "Riga Tech Open A 2014"]
[Site "Riga LAT"]
[Date "2014.08.23"]
[Round "8.11"]
[White "Argandona Riveiro, Inigo"]
[Black "Molner, Mackenzie"]
[Result "0-1"]
[WhiteTitle "IM"]
[BlackTitle "GM"]
[WhiteElo "2423"]
[BlackElo "2509"]
[WhiteFideId "2212072"]
[BlackFideId "2021722"]
[EventDate "2014.08.16"]

1. c4 g6 2. e4 e5 3. Nf3 Bg7 4. d4 exd4 5. Nxd4 Nf6 6. Nc3 O-O 7. Be3 Re8 8. f3
c6 9. Qb3 d5 10. cxd5 Nxd5 11. Bf2 Nxc3 12. bxc3 c5 13. Nb5 Be6 14. Qa3 a6 15.
Rd1 axb5 16. Rxd8 Rxd8 17. Qc1 b4 18. Bxc5 Bxc3+ 19. Kf2 Rxa2+ 20. Kg3 Rc8 21.
Qe3 Bd2 22. Qd3 Be1+ 23. Kf4 g5+ 24. Kxg5 Rxc5+ 25. Kf4 Bd2+ 26. Kg3 Nc6 27. Qd6
Rg5+ 28. Kh4 Ne5 29. g4 Bf4 0-1

[Event "Riga Tech Open A 2014"]
[Site "Riga LAT"]
[Date "2014.08.23"]
[Round "8.12"]
[White "Sarana, Alexey"]
[Black "Gavrilov, Alexei1"]
[Result "1-0"]
[BlackTitle "GM"]
[WhiteElo "2341"]
[BlackElo "2505"]
[WhiteFideId "24133795"]
[BlackFideId "4104358"]
[EventDate "2014.08.16"]

1. e4 e5 2. Nf3 Nc6 3. Bb5 a6 4. Ba4 Nf6 5. O-O Be7 6. Re1 b5 7. Bb3 d6 8. c3
O-O 9. h3 Re8 10. Ng5 Rf8 11. Nf3 Re8 12. d4 Bb7 13. Ng5 Rf8 14. Nf3 Re8 15.
Nbd2 Bf8 16. a4 h6 17. d5 Ne7 18. c4 Qd7 19. axb5 axb5 20. Rxa8 Rxa8 21. cxb5
Qxb5 22. Bc4 Qb4 23. Re3 Ra1 24. Qf1 Bc8 25. Rb3 Qa4 26. Bb5 Ba6 27. Bxa6 Qxa6
28. Qxa6 Rxa6 29. Ra3 Rb6 30. Ra4 Rb7 31. Rc4 Nd7 32. Ne1 f5 33. f3 g6 34. b4
Nf6 35. Nb3 Ne8 36. Be3 Kf7 37. Na5 Rb8 38. Nc2 Kf6 39. Na3 h5 40. Kf1 Ng8 41.
Ba7 Rc8 42. Nc6 Bh6 43. Nb5 Ne7 44. Nb8 Kf7 45. Ke2 Bf4 46. Nc3 Bh2 47. Kf2 Bf4
48. Ke2 Bh2 49. Kf2 Bf4 50. b5 Bd2 51. Na6 Nf6 52. Nxc7 Bxc3 53. Rxc3 fxe4 54.
b6 e3+ 55. Ke1 Nd7 56. b7 Rg8 57. Nb5 Nxd5 58. Nxd6+ Ke6 59. Rc8 Ne7 60. Rxg8
Nxg8 61. Ne4 Kd5 62. Nc5 1-0

[Event "Riga Tech Open A 2014"]
[Site "Riga LAT"]
[Date "2014.08.23"]
[Round "8.13"]
[White "Kovalenko, Igor"]
[Black "Lugovskoy, Maxim"]
[Result "1-0"]
[WhiteTitle "GM"]
[BlackTitle "IM"]
[WhiteElo "2650"]
[BlackElo "2402"]
[WhiteFideId "14117908"]
[BlackFideId "24126454"]
[EventDate "2014.08.16"]

1. d4 d5 2. c4 e6 3. Nc3 Be7 4. Bf4 Nf6 5. e3 O-O 6. a3 c5 7. dxc5 Bxc5 8. Nf3
Nc6 9. Qc2 Qa5 10. Rd1 Ne4 11. cxd5 exd5 12. Rxd5 Nxc3 13. bxc3 Ne7 14. Rg5 h6
15. Re5 Ng6 16. Bc4 Nxe5 17. Bxe5 Qb6 18. Qe4 Bd6 19. Bd4 Bc5 20. O-O Bxd4 21.
cxd4 Qf6 22. Bd3 g6 23. Ne5 Kg7 24. h3 Rb8 25. Qd5 Be6 26. Qa5 a6 27. f4 Rfd8
28. f5 gxf5 29. Bxf5 Bxf5 30. e4 Rxd4 31. Rxf5 Qd6 32. Qc3 Rd1+ 33. Kh2 Rf8 34.
Qf3 Kg8 35. Qf4 Qd4 36. Rxf7 Qg1+ 37. Kg3 Qe1+ 38. Kg4 Rdd8 39. Qf5 Qd1+ 40. Kh4
Qe1+ 41. g3 1-0

[Event "Riga Tech Open A 2014"]
[Site "Riga LAT"]
[Date "2014.08.23"]
[Round "8.14"]
[White "Erdos, Viktor"]
[Black "Meskovs, Nikita"]
[Result "1-0"]
[WhiteTitle "GM"]
[BlackTitle "FM"]
[WhiteElo "2638"]
[BlackElo "2441"]
[WhiteFideId "719978"]
[BlackFideId "11602740"]
[EventDate "2014.08.16"]

1. d4 d5 2. Nf3 Nf6 3. c4 c6 4. e3 Bf5 5. Nc3 e6 6. Nh4 Be4 7. f3 Bg6 8. Qb3 Qb6
9. Nxg6 hxg6 10. Bd2 Nbd7 11. O-O-O Qxb3 12. axb3 Bd6 13. h3 a6 14. g4 O-O-O 15.
Bg2 e5 16. cxd5 cxd5 17. f4 exf4 18. exf4 Nb6 19. Kc2 Bc7 20. Rde1 Rde8 21.
Rxe8+ Rxe8 22. Kd3 Kb8 23. Rf1 Re7 24. f5 gxf5 25. Rxf5 Rd7 26. Na4 Nxa4 27.
bxa4 Kc8 28. Bb4 Bd8 29. g5 Nh5 30. Bd2 Bc7 31. h4 g6 32. Rxd5 Rxd5 33. Bxd5
Nf4+ 34. Bxf4 Bxf4 35. Bxf7 Kd7 36. Bxg6 Ke7 37. Ke4 Bc1 38. b3 Bb2 39. Bh5 Bc3
40. Be2 1-0

[Event "Riga Tech Open A 2014"]
[Site "Riga LAT"]
[Date "2014.08.23"]
[Round "8.15"]
[White "Biolek, Richard Jr."]
[Black "Rausis, Igors"]
[Result "1-0"]
[WhiteTitle "IM"]
[BlackTitle "GM"]
[WhiteElo "2438"]
[BlackElo "2578"]
[WhiteFideId "319996"]
[BlackFideId "11600098"]
[EventDate "2014.08.16"]

1. d4 Nf6 2. c4 e6 3. g3 c5 4. d5 exd5 5. cxd5 b5 6. Nf3 d6 7. e4 a6 8. a4 b4 9.
Nbd2 Be7 10. Bg2 O-O 11. O-O Re8 12. Qc2 Bf8 13. b3 a5 14. Bb2 Nbd7 15. Rfe1 Nb6
16. Nc4 Nxc4 17. bxc4 Nd7 18. e5 Nb6 19. h4 g6 20. e6 fxe6 21. dxe6 Rxe6 22. Ng5
Rxe1+ 23. Rxe1 d5 24. Ne6 Qe8 25. cxd5 Nxa4 26. d6 Bxe6 27. Bxa8 Qxa8 28. Rxe6
Nxb2 29. Rxg6+ hxg6 30. Qxg6+ Bg7 31. d7 Qf8 32. Qg5 Kf7 33. d8=Q Qxd8 34. Qxd8
Bd4 35. Qxa5 Ke6 36. Qa8 Nd1 37. Qe4+ Kd6 38. Qg6+ Kc7 39. h5 Nxf2 40. Kh2 Nd1
41. h6 Ne3 42. h7 Nd5 43. Qe6 Nb6 44. Kg2 Kb7 45. Qe4+ Ka6 46. Qxd4 cxd4 47.
h8=Q Kb5 48. Qxd4 Na4 49. Qd7+ Ka5 50. Qf5+ 1-0

[Event "Riga Tech Open A 2014"]
[Site "Riga LAT"]
[Date "2014.08.23"]
[Round "8.16"]
[White "Golod, Vitali"]
[Black "Ris, Robert"]
[Result "0-1"]
[WhiteTitle "GM"]
[BlackTitle "IM"]
[WhiteElo "2574"]
[BlackElo "2408"]
[WhiteFideId "2804140"]
[BlackFideId "1011480"]
[EventDate "2014.08.16"]

1. d4 d5 2. c4 dxc4 3. e4 b5 4. a4 c6 5. b3 e5 6. Nf3 Nf6 7. bxc4 exd4 8. e5 Ne4
9. axb5 Bb4+ 10. Bd2 Nxd2 11. Nbxd2 Bf5 12. Be2 O-O 13. Qb3 Bxd2+ 14. Nxd2 Nd7
15. f4 d3 16. Bf3 Qb6 17. bxc6 Qe3+ 18. Kd1 Nc5 19. Qa3 Rab8 20. Re1 Qd4 21. Rc1
h5 22. h3 h4 23. c7 Rb6 24. Rf1 Bd7 25. Rc3 Ba4+ 26. Kc1 Rc8 27. Bd1 Bxd1 28.
Kxd1 Rxc7 29. Qc1 Na4 30. Rb3 Rxb3 31. Nxb3 Nc3+ 32. Ke1 Qxc4 33. Nd2 Qb4 34.
Rf2 Rc5 35. Kf1 Ne2 0-1

[Event "Riga Tech Open A 2014"]
[Site "Riga LAT"]
[Date "2014.08.23"]
[Round "8.17"]
[White "Valsecchi, Alessio"]
[Black "Yemelin, Vasily"]
[Result "0-1"]
[WhiteTitle "IM"]
[BlackTitle "GM"]
[WhiteElo "2421"]
[BlackElo "2573"]
[WhiteFideId "818860"]
[BlackFideId "4113217"]
[EventDate "2014.08.16"]

1. Nf3 c5 2. c4 Nc6 3. g3 g6 4. Bg2 Bg7 5. Nc3 d6 6. a3 Nh6 7. O-O O-O 8. Rb1
Nf5 9. b4 Rb8 10. e3 b6 11. Qb3 Bb7 12. Bb2 Qd7 13. Nd5 Rbc8 14. d3 Ne5 15. Nxe5
dxe5 16. bxc5 Rxc5 17. a4 Rfc8 18. Ba3 Ra5 19. Bh3 e6 20. Bxf5 Bxd5 21. cxd5
gxf5 22. dxe6 Qxe6 23. Qd1 Qd7 24. Rb4 Rc3 25. Bb2 Rxd3 26. Qh5 Rad5 27. Rh4 h6
28. e4 fxe4 29. Rxe4 f5 30. Rc4 Rd2 31. Rfc1 Rd1+ 32. Kg2 Rxc1 33. Bxc1 Rd1 34.
Rc2 Rd6 35. Qf3 Kh7 36. Ba3 Rd3 0-1

[Event "Riga Tech Open A 2014"]
[Site "Riga LAT"]
[Date "2014.08.23"]
[Round "8.18"]
[White "Kulaots, Kaido"]
[Black "Steinberg, Nitzan"]
[Result "0-1"]
[WhiteTitle "GM"]
[BlackTitle "IM"]
[WhiteElo "2567"]
[BlackElo "2420"]
[WhiteFideId "4500261"]
[BlackFideId "2801795"]
[EventDate "2014.08.16"]

1. e4 c5 2. Nf3 d6 3. Bb5+ Nd7 4. c3 Nf6 5. Qe2 a6 6. Ba4 c4 7. Bc2 b5 8. b3
cxb3 9. axb3 e5 10. d4 Be7 11. O-O O-O 12. Na3 Rb8 13. Bd2 Re8 14. b4 exd4 15.
cxd4 Bb7 16. Bf4 Bf8 17. Nd2 Nd5 18. Bg3 Nxb4 19. Bb1 Rc8 20. f3 Rc3 21. Nxb5
axb5 22. Qxb5 Qb6 23. Qxd7 Rd8 24. Qf5 Qxd4+ 25. Bf2 Qxd2 26. Ra7 Rc7 27. Bb6
Rdc8 28. h3 Rc1 29. Rxc1 Qxc1+ 30. Kh2 g6 31. Qf6 Bg7 32. Qxd6 Nc6 0-1

[Event "Riga Tech Open A 2014"]
[Site "Riga LAT"]
[Date "2014.08.24"]
[Round "9.1"]
[White "Savchenko, Boris"]
[Black "Rapport, Richard"]
[Result "1/2-1/2"]
[WhiteTitle "GM"]
[BlackTitle "GM"]
[WhiteElo "2596"]
[BlackElo "2704"]
[WhiteFideId "4147332"]
[BlackFideId "738590"]
[EventDate "2014.08.16"]

1. e4 d6 2. d4 Nf6 3. Nc3 e5 4. Nf3 exd4 5. Nxd4 Be7 6. Bf4 O-O 7. Qd2 d5 8.
Ndb5 Bb4 9. O-O-O c6 10. Nc7 Nxe4 11. Qd4 Bxc3 12. bxc3 Qe7 13. Rd3 Be6 14. Nxa8
c5 15. Qe3 c4 16. Rd4 Qa3+ 17. Kd1 Nxc3+ 18. Kd2 Nb1+ 19. Kd1 Nc6 20. Nc7 Nxd4
21. Qxd4 Nc3+ 22. Kd2 Ne4+ 23. Ke2 Qxa2 24. Kf3 Qa3+ 25. Qe3 Qe7 26. Bxc4 dxc4
27. Kxe4 g5 28. Bg3 Qf6 29. Be5 Qf5+ 30. Kd4 f6 31. Nxe6 Re8 32. Bg3 Rxe6 33.
Qf3 Qxc2 34. Qxb7 Qd2+ 35. Kc5 Qa5+ 36. Qb5 Qa3+ 37. Kxc4 Re4+ 38. Kd5 Rb4 39.
Qe8+ Kg7 40. Qe7+ Kg6 41. Qe8+ Kg7 42. Qd7+ Kg6 43. Qe8+ Kg7 44. Qe7+ Kg6 45.
Qe8+ 1/2-1/2

[Event "Riga Tech Open A 2014"]
[Site "Riga LAT"]
[Date "2014.08.24"]
[Round "9.3"]
[White "Kveinys, Aloyzas"]
[Black "Iturrizaga Bonelli, Eduardo"]
[Result "0-1"]
[WhiteTitle "GM"]
[BlackTitle "GM"]
[WhiteElo "2527"]
[BlackElo "2653"]
[WhiteFideId "12800040"]
[BlackFideId "3901211"]
[EventDate "2014.08.16"]

1. Nf3 c5 2. c4 g6 3. e4 Nc6 4. d4 cxd4 5. Nxd4 Nf6 6. Nc3 d6 7. Be2 Bg7 8. Be3
O-O 9. O-O Bd7 10. Qd2 Nxd4 11. Bxd4 Bc6 12. f3 a5 13. Rab1 Nd7 14. Be3 Nc5 15.
Rfc1 Be5 16. b3 e6 17. Bf1 Qe7 18. Rc2 f5 19. exf5 Rxf5 20. Ne2 Raf8 21. f4 Ne4
22. Qd3 Bg7 23. Ng3 Nxg3 24. hxg3 e5 25. Re2 exf4 26. Bxf4 Qf7 27. Ree1 Rxf4 28.
gxf4 Qxf4 29. Rbd1 Be5 30. Rxe5 Qf2+ 31. Kh2 dxe5 32. Qg3 Rf4 33. Qxf2 Rxf2 34.
a3 Rb2 35. Rd3 Kg7 36. Re3 Kf6 37. Be2 e4 38. Kg1 Ke5 39. Kf2 Bd7 40. Ke1 0-1

[Event "Riga Tech Open A 2014"]
[Site "Riga LAT"]
[Date "2014.08.24"]
[Round "9.4"]
[White "Fridman, Daniel"]
[Black "Sarana, Alexey"]
[Result "1-0"]
[WhiteTitle "GM"]
[WhiteElo "2639"]
[BlackElo "2341"]
[WhiteFideId "11600454"]
[BlackFideId "24133795"]
[EventDate "2014.08.16"]

1. Nf3 Nf6 2. c4 g6 3. Nc3 d5 4. cxd5 Nxd5 5. Qb3 Nb6 6. d4 Bg7 7. Bf4 Be6 8.
Qa3 O-O 9. e3 N8d7 10. Be2 c6 11. O-O Bc4 12. Bxc4 Nxc4 13. Qb3 b5 14. Rfd1 Qb6
15. Qc2 Qa6 16. a4 Qb7 17. b3 Ncb6 18. a5 Nd5 19. Nxd5 cxd5 20. a6 Qb6 21. Bc7
Qe6 22. Qe2 Nf6 23. Qxb5 Rfc8 24. Rdc1 Ne8 25. Bf4 Nd6 26. Qa5 Rab8 27. Rc7 Rb5
28. Qc3 Rcb8 29. Rxa7 Rxb3 30. Ra8 Rb1+ 31. Rxb1 Rxa8 32. Rb6 Ne4 33. Qb2 1-0

[Event "Riga Tech Open A 2014"]
[Site "Riga LAT"]
[Date "2014.08.24"]
[Round "9.5"]
[White "Molner, Mackenzie"]
[Black "Aleksandrov, Aleksej"]
[Result "1/2-1/2"]
[WhiteTitle "GM"]
[BlackTitle "GM"]
[WhiteElo "2509"]
[BlackElo "2595"]
[WhiteFideId "2021722"]
[BlackFideId "13500139"]
[EventDate "2014.08.16"]

1. d4 d5 2. c4 e6 3. Nf3 Nf6 4. Nc3 Bb4 5. Bg5 h6 6. Bxf6 Qxf6 7. Qa4+ Nc6 8. e3
O-O 9. Be2 Bd7 10. Qb3 dxc4 11. Qxc4 Bd6 12. O-O e5 13. Ne4 Qg6 14. Nxd6 cxd6
15. dxe5 dxe5 16. Bd3 Bf5 17. Bxf5 Qxf5 18. Rfd1 Rfd8 19. Qb5 Qe6 20. Qxb7 Rxd1+
21. Rxd1 Rb8 22. Qc7 Rxb2 1/2-1/2

[Event "Riga Tech Open A 2014"]
[Site "Riga LAT"]
[Date "2014.08.24"]
[Round "9.6"]
[White "Naroditsky, Daniel"]
[Black "Oparin, Grigoriy"]
[Result "1-0"]
[WhiteTitle "GM"]
[BlackTitle "GM"]
[WhiteElo "2587"]
[BlackElo "2546"]
[WhiteFideId "2026961"]
[BlackFideId "24125890"]
[EventDate "2014.08.16"]

1. e4 c5 2. c3 Nf6 3. e5 Nd5 4. d4 cxd4 5. Nf3 Nc6 6. cxd4 d6 7. Bc4 Nb6 8. Bb5
dxe5 9. Nxe5 Bd7 10. Nxd7 Qxd7 11. Nc3 e6 12. O-O Be7 13. Qg4 O-O 14. Bxc6 bxc6
15. Bh6 Bf6 16. Rfd1 Rfd8 17. Ne4 Qe7 18. Rac1 Rac8 19. Rd3 Rd5 20. Be3 Ra5 21.
a3 Rb5 22. b4 a5 23. Bd2 a4 24. Be3 Rd5 25. Qf3 h5 26. h3 e5 27. Rc5 Nd7 28.
Rxd5 cxd5 29. Nxf6+ Nxf6 30. Qf5 Qe6 31. Qxe6 fxe6 32. dxe5 Nd7 33. f4 g5 34. g3
Rc2 35. Bd4 gxf4 36. gxf4 Kf7 37. Rc3 Rd2 38. Be3 Rb2 39. Rc7 Ke8 40. Rc6 Kf7
41. Bd4 Rd2 42. Bc3 Rd1+ 43. Kf2 d4 44. Rd6 Nb6 45. Ke2 Rb1 46. Bxd4 Nc4 47. Rc6
Nxa3 48. f5 Nb5 49. fxe6+ Kg7 50. Bc5 Rxb4 51. e7 Re4+ 52. Kd3 Rxe5 53. Rc8 1-0

[Event "Riga Tech Open A 2014"]
[Site "Riga LAT"]
[Date "2014.08.24"]
[Round "9.7"]
[White "Boruchovsky, Avital"]
[Black "Danin, Alexandre"]
[Result "1/2-1/2"]
[WhiteTitle "GM"]
[BlackTitle "GM"]
[WhiteElo "2483"]
[BlackElo "2572"]
[WhiteFideId "2800055"]
[BlackFideId "4144031"]
[EventDate "2014.08.16"]

1. c4 Nf6 2. Nf3 c6 3. Nc3 d5 4. e3 g6 5. d4 Bg7 6. Be2 O-O 7. O-O dxc4 8. Bxc4
Bg4 9. Be2 Qb6 10. Qc2 Nbd7 11. Bd2 Bxf3 12. Bxf3 e5 13. dxe5 Nxe5 14. Be2 Rfe8
15. h3 Qc5 16. e4 Ned7 17. Bf3 Ne5 18. Be2 Ned7 19. Bf3 Ne5 1/2-1/2

[Event "Riga Tech Open A 2014"]
[Site "Riga LAT"]
[Date "2014.08.24"]
[Round "9.8"]
[White "Aravindh, Chithambaram VR."]
[Black "Shirov, Alexei"]
[Result "1-0"]
[WhiteTitle "IM"]
[BlackTitle "GM"]
[WhiteElo "2467"]
[BlackElo "2709"]
[WhiteFideId "5072786"]
[BlackFideId "2209390"]
[EventDate "2014.08.16"]

1. b3 e5 2. Bb2 Nc6 3. e3 Nf6 4. Bb5 Bd6 5. Na3 Na5 6. Be2 Be7 7. Nf3 e4 8. Ne5
O-O 9. O-O d6 10. Ng4 Nxg4 11. Bxg4 f5 12. Be2 d5 13. d3 c5 14. Qd2 Be6 15. Rad1
Nc6 16. dxe4 fxe4 17. Nb5 Bg5 18. Qe1 a6 19. Nc3 Bf6 20. Nxd5 Bxb2 21. Nf4 Qf6
22. Rd6 Be5 23. Rxe6 Qf5 24. f3 Bxf4 25. exf4 exf3 26. Bxf3 Nd4 27. Re7 Nxc2 28.
Qe4 Qf6 29. Rxb7 Nd4 30. Qd5+ Kh8 31. Qe5 Qxe5 32. fxe5 Rf5 33. e6 g6 34. Bg4
Rxf1+ 35. Kxf1 h5 36. Bf3 Re8 37. e7 Nf5 38. Rb6 Kg7 39. Rxa6 Rxe7 40. Rb6 Re3
41. a4 Nd4 42. Bd5 Re5 43. Bc4 Nc2 44. Kf2 Ne3 45. Be2 Nd5 46. Rb7+ Kf6 47. a5
Nc3 48. Bf3 c4 49. a6 1-0

[Event "Riga Tech Open A 2014"]
[Site "Riga LAT"]
[Date "2014.08.24"]
[Round "9.9"]
[White "Antipov, Mikhail Al."]
[Black "Kovalenko, Igor"]
[Result "1/2-1/2"]
[WhiteTitle "GM"]
[BlackTitle "GM"]
[WhiteElo "2508"]
[BlackElo "2650"]
[WhiteFideId "4107012"]
[BlackFideId "14117908"]
[EventDate "2014.08.16"]

1. e4 c6 2. d4 d5 3. e5 Bf5 4. Nd2 e6 5. Nb3 c5 6. Bb5+ Nc6 7. dxc5 Bxc5 8. a4
Qb6 9. Nxc5 Qxc5 10. c3 Qb6 11. Be3 Qc7 12. Ne2 Ne7 13. f4 O-O 14. O-O Na5 15.
Bf2 a6 16. Bd3 Bxd3 17. Qxd3 Qc4 18. Qxc4 Nxc4 19. Bc5 Rfe8 20. Bxe7 Rxe7 21.
Ra2 f6 22. b3 Ne3 23. Rf3 Nf5 24. Nd4 fxe5 25. fxe5 Nxd4 26. cxd4 Rc8 27. a5
Rc1+ 28. Rf1 Rec7 29. Ra4 Rxf1+ 30. Kxf1 Kf7 31. Rb4 Kg6 32. Ke2 Kf5 33. Kd3 h5
34. Rb6 h4 35. b4 g5 36. b5 axb5 37. Rxb5 h3 38. gxh3 Rh7 39. h4 Rxh4 40. Rxb7
Rh3+ 41. Kc2 Rxh2+ 42. Kb3 g4 43. a6 Rh1 44. Kb2 Rh8 45. a7 Ra8 46. Rg7 g3 47.
Kc3 g2 48. Rxg2 Rxa7 49. Rh2 Ra6 50. Rh6 Kf4 51. Rh4+ Kg5 52. Rh8 Kf4 1/2-1/2

[Event "Riga Tech Open A 2014"]
[Site "Riga LAT"]
[Date "2014.08.24"]
[Round "9.10"]
[White "Ris, Robert"]
[Black "Erdos, Viktor"]
[Result "1/2-1/2"]
[WhiteTitle "IM"]
[BlackTitle "GM"]
[WhiteElo "2408"]
[BlackElo "2638"]
[WhiteFideId "1011480"]
[BlackFideId "719978"]
[EventDate "2014.08.16"]

1. d4 d5 2. c4 c6 3. Nf3 e6 4. Nc3 dxc4 5. e3 b5 6. a4 Bb4 7. Bd2 a5 8. axb5
Bxc3 9. Bxc3 cxb5 10. b3 Bb7 11. bxc4 b4 12. Bb2 Nf6 13. Bd3 O-O 14. O-O Nbd7
15. Nd2 Qc7 16. f4 a4 17. Rc1 Rfb8 18. e4 a3 19. Ba1 b3 20. Qxb3 Bxe4 21. Qc2
Bxd3 1/2-1/2